Vainqueurs de la Copa Sudamericana - Statistiques

Statistiques générales
  • Ce quiz a été pris 41 fois
  • Le résultat moyen est 6 sur 18
Statistiques - réponses
Année Club % Correct
2004 Boca Juniors
88%
2005 Boca Juniors
88%
2014 River Plate
88%
2012 Sao Paulo
50%
2002 San Lorenzo
38%
2009 LDU Quito
35%
2016 Chapecoense
31%
2010 Independiente
23%
2017 Independiente
23%
2008 Internacional
23%
2013 Lanus
23%
2011 Universidad de Chile
15%
2019 Independiente del Valle
8%
2007 Arsenal de Sarandi
4%
2003 Cienciano del Cusco
4%
2006 Pachuca
4%
2015 Sante Fe
4%
2018 Athletico Paranense
0%
Aucun quiz correspondant
Distribution des résultats
% des personnes avec chaque résultat
Percentile par nombre de réponses
Votre historique - résultats
Vous n’avez pas pris ce quiz